LEADER 02683nam0 2200421 i 450 001 BVEE045872 005 20170908093224.0 012 $at:od o-m- uiue pono (3) 1611 (R)$2fei 100 $a20130123d1611 ||||0itac50 ba 101 | $alat 102 $abe 181 1$6z01$ai $bxxxe 182 1$6z01$an 200 1 $a˜Iusti Lipsii œOpera omnia quae ad criticam proprie spectant: postremùm ab ipso aucta, correcta, digesta. Quorum omnium index & ordo post praefationem 210 $aAntuerpiae$cex officina Plantiniana, apud viduam & filios Ioannis Moreti$d1611$eAntuerpiae$gex officina Plantiniana, apud viduam & filios Ioannis Moreti$h1611 215 $a[8], 645, [27] p.$d4º 300 $aMarche non controllate (compasso tenuto da una mano: Labore et constantia), calcogr. sul front. e xil. in fine 300 $aSegn.: *⁴ A-Z⁴ a-z⁴ Aa-Zz⁴ AA-PP⁴. 316 $a1 v. - Timbro della Real biblioteca di Napoli sul frontespizio. - Legatura Farnese. - Carta ossidata$5IT-NA0079, SALA FARN.43. E 39 620 $aBE$dAnversa$3UBOL000154 700 1$aLipsius$b, Justus$3CFIV068975$4070$0197568 712 02$aOfficina Plantiniana$c $3BVEV018026$4650 712 02$aMoretus, Iohannes$c <1.> weduwe & erfgenamen$3TO0V256360$4650 790 1$aLipsio$b, Giusto$3CFIV119701$zLipsius, Justus 790 1$aLips$b, Joost$3PUVV176112$zLipsius, Justus 790 1$aLipse$b, Juste$3PUVV176113$zLipsius, Justus 791 02$aPlantiinsche Druckeriie$c $3BVEV098550$zOfficina Plantiniana 791 02$aImprimerie plantinienne$c $3SBNV005219$zOfficina Plantiniana 791 02$aTypographia Plantiniana$c $3UBOV397367$zOfficina Plantiniana 791 02$aMoretus, Iohannes <1.> vidua & filii$3TO0V325362$zMoretus, Iohannes <1.> weduwe & erfgenamen 801 3$aIT$bIT-NA0079$c20130123 850 $aIT-NA0079 912 $aBVEE045872 921 $aSBNM000001$bMarca non controllata$cS2$dCalcogr. sul front., xil. in fine. 950 0$aBiblioteca Nazionale Vittorio Emanuele III$c1 v.$d BNSALA FARN.43. E 39$e BNA010014679885 C 1 v. - Timbro della Real biblioteca di Napoli sul frontespizio. - Legatura Farnese. - Carta ossidata$fC $h20130123$i20130123$lLegatura Farnese$mCaratteristiche materiali$lCarta ossidata$mImperfezioni$lTimbro della Real biblioteca di Napoli sul frontespizio$mTimbri storici della biblioteca proprietaria 977 $a BN 996 $aOpera omnia quae ad criticam proprie spectant: postremùm ab ipso aucta, correcta, digesta. Quorum omnium index & ordo post praefationem$91481762 997 $aUNISANNIO